| 000 | 03120nam0a2200397 4500 | ||
|---|---|---|---|
| 001 | RU\NLR\BIBL_A\012173183 | ||
| 005 | 20260407114733.0 | ||
| 035 | _a(NLR Aleph) 012173183 | ||
| 090 |
_a12250723 _c12250723 |
||
| 100 | _a20181024d1898 |||y0rusy50 ca | ||
| 101 | 0 | _arus | |
| 102 | _aRU | ||
| 105 | _ay z 000zy | ||
| 200 | 1 |
_aМилостивый Государь, Сергей Юльевич. На письмо от 30 минувшего ноября за № 9041 имею честь уведомить Ваше Превосходительство, что я не встречаю препятствий ко внесению в Государственный Совет проекта представления: во первых, об исключении посадов Папушой и Турлаки Аккерманского уезда... _eЕго Превосходительству С.Ю. Витте _fГосударственный Контролер по Департаменту Гражданской отчетности. № 7669. 11 декабря 1898 года |
|
| 210 |
_a[Санкт-Петербург _cб. и.] _d1898 |
||
| 215 |
_a[1] с. _d33 |
||
| 300 | _aВ конце текста: Подписал: Т. Филиппов; Верно: Управляющий Отделением Л. Бражников. | ||
| 309 | _aБез тит. л. и обл. | ||
| 309 | _aКопия | ||
| 517 | 1 | _aНа письмо от 30 минувшего ноября за № 9041 имею честь уведомить Ваше Превосходительство, что я не встречаю препятствий ко внесению в Государственный Совет проекта представления: во первых, об исключении посадов Папушой и Турлаки Аккерманского уезда... | |
| 606 | 1 |
_aГосударственный контроль _jДокументы и материалы _yРоссия _91473177 _3RU\NLR\AUTH\66317029 |
|
| 606 | 1 |
_aКвартирный налог _jДокументы и материалы _yРоссия _92414129 _3RU\NLR\AUTH\6601657163 |
|
| 686 | 3 | _aХ819(2)071,011 | |
| 686 | 3 | _aХ829(2)221.21,011 | |
| 686 | 3 | _aУ26(28)141.319.212,011 | |
| 702 | 1 |
_4720 _8rus _7ca _aФилиппов _bТ. И. _cгос. деятель, писатель-славянофил _f1825-1899 _gТертий Иванович _3RU\NLR\AUTH\7763003 _945933 |
|
| 702 | 1 |
_4720 _aБражников _bЛ. Д. _cгос. чиновник _gЛев Давыдович _9207020 _3RU\NLR\AUTH\770207072 |
|
| 702 | 1 |
_4660 _8rus _7ca _aВитте _bС. Ю. _f1849-1915 _gСергей Юльевич _3RU\NLR\AUTH\772753 _9112761 |
|
| 712 | 0 | 1 |
_4570 _aРоссия _bДепартамент гражданской отчетности _3RU\NLR\AUTH\889928218 _9352068 |
| 712 | 0 | 1 |
_4570 _aРоссия _bМинистерство финансов _3RU\NLR\AUTH\889947360 _9390360 |
| 852 |
_aNLR _j135/294-335 (12-2) |
||
| 942 | _cBOOK | ||
| 980 | _aNB | ||